Loading...

Kerala modelilekku oru kilivaathil /

Bibliographic Details
Main Author: Chandrasekharan, M. R.
Format: Printed Book
Language:Malayalam
Published: Kozhikode : Haritham Books , 2001.
Subjects:
LEADER 00605nam a2200169Ia 4500
008 150624b xxu||||| |||| 00| e mal d
999 |c 84278  |d 84278 
082 |a 854.599 
100 |a Chandrasekharan, M. R. 
245 |c M. R Chandrasekharan  |a Kerala modelilekku oru kilivaathil / 
260 |a Kozhikode :  |b Haritham Books ,  |c 2001. 
300 |a 128 p.  |c 21cm. 
546 |a In Malayalam. 
650 |v Malayalam Essays 
650 |a Chandrasekharan, M. R. 
942 |c BK 
952 |0 0  |1 0  |4 0  |6 854_599000000000000_KER_M  |7 0  |9 84222  |a UL  |b UL  |c ST1  |d 2003-04-02  |e CB   |l 1  |o 854.599 KER M  |p 76388  |r 2014-07-14  |s 2014-07-10  |v 60.00  |y BK